Statistics for Languages Most Similar to Spanish

Click here to take the quiz!

General Stats

  • This quiz has been taken 181 times
  • The average score is 6 of 11

Answer Stats

IndexLanguage% Correct
16,1Italian
98%
19,4Portuguese
98%
37,1French
97%
38,2Romanian
88%
25,5Catalan
84%
25,0Latin
68%
27,4Romansh
53%
51,0Swedish
23%
48,7Lithuanian
18%
51,1Czech
11%
51,1Slovak
10%

Score Distribution

Percentile by Number Answered

Percent of People with Each Score

Your Score History

You have not taken this quiz